000 01097aas a2200193 i 4500
001 768714001
003 CO-MdFUSB
005 20221011101008.0
008 221011s1996 ag ||||| |||| 00| 0 spa d
040 _bspa
_cCO-MdFUSB
_dCO-MdFUSB
041 _aspa
100 1 _aGóngora, Alvin
_eautor
245 1 3 _aLa teología de la prosperidad :
_buna lectura crítica
_c/ Alvin Góngora
300 _aVol. 15, Num 1(Enero-Marzo, 1996) Páginas 6-11
_c; 27 cm
520 _aEl surgimiento dentro de la iglesia de una mentalidad orientada hacia la búsqueda y obtención de bienes como muestra fehaciente de la aprobación del Señor, más conocida como "teología o evangelio de la prosperidad", pone una vez más sobre el tapete el antiguo problema de la relación entre fe y riquezas. Los sectores evangélicos que han visto simpatía la relación de causalidad entre fe y riqueza recogen fin mayor reflexión esta mentalidad.
650 0 _91860
_aTeología de la prosperidad
773 0 _tIglesia y Misión
_049402
_959641
_gVol. 15, Num 1 (Enero-Marzo, 1996) Páginas 6-11
_qPáginas 6
942 _cANA
999 _c52173
_d52173